| 000 | 00429nam a2200145 4500 | ||
|---|---|---|---|
| 003 | CO-ViMGA | ||
| 020 | _a978958303711 | ||
| 040 |
_aCO-ViMGA _bspa _cCO-ViMGA |
||
| 082 | 0 | 4 | _bA U62 |
| 245 | 1 | 0 |
_aUne los puntos _bNúmeros pares e impares |
| 260 |
_aBogotá _bPanamericana, _c2011. |
||
| 300 |
_a64 p. : _bil, : 27 cm. |
||
| 650 | 1 | 4 |
_aJuegos para aprender los números _vSorpresas para descubrir y colorear _96274 |
| 942 |
_2ddc _cBK |
||
| 999 |
_c37487 _d37487 |
||